Statistics for Capitals AND Countries That Start With I

Click here to take the quiz!

General Stats

  • This quiz has been taken 5,332 times
  • The average score is 8 of 9

Answer Stats

Answer% Correct
CountryIndia
97%
CountryIndonesia
96%
CountryIceland
95%
CountryIran
95%
CountryIraq
95%
CountryIreland
95%
CountryItaly
91%
CountryIsrael
88%
CapitalIslamabad
85%

Score Distribution

Percentile by Number Answered

Percent of People with Each Score

Your Score History

You have not taken this quiz